00521cam a22002171 4500001001300000003000400013005001700017008004100034010001700075035002000092040001800112042001200130050001600142245002500158260001100183300002400194500001500218650003300233710002000266999001700286sa 68003608 DLC20260227112454.0881102s1964 xx 000 0 hino  asa 68003608  a(OCoLC)23540855 aDLCcMiUdDLC apremarc00aPK1977b.F500aFīroz al-lughāt. c[1964] a1304, 61 p.c29 cm. aRomanized. 0aUrdu languagevDictionaries.2 aFīrozuddīn. c79615d79615